Transfery a vertikálna fiškálna nerovnováha

Transfery sa považujú za jeden zo štyroch základných pilierov fiškálnej decentralizácie. Vlastné príjmy územných samospráv nepokrývajú všetky výdavky a časť výdavkov decentralizovaných úrovní verejnej správy je financovaná transfermi.

Salvato in:
Dettagli Bibliografici
Autore principale: Čapková, Soňa
Natura: Capitolo di libro
Lingua:slovacco
Soggetti:
Tags: Aggiungi Tag
Nessun Tag, puoi essere il primo ad aggiungerne!!

MARC

LEADER 00000nla a2200000 4500
001 0185073
005 20221020090048.2
041 0 |a slo 
044 |a SK 
245 1 0 |a Transfery a vertikálna fiškálna nerovnováha  |c Soňa Čapková 
520 |a Transfery sa považujú za jeden zo štyroch základných pilierov fiškálnej decentralizácie. Vlastné príjmy územných samospráv nepokrývajú všetky výdavky a časť výdavkov decentralizovaných úrovní verejnej správy je financovaná transfermi. 
610 2 0 |a správa verejná 
610 2 0 |a samospráva 
610 2 0 |a decentralizácia fiškálna 
610 2 0 |a financie komunálne 
610 2 0 |a rozpočet miestny 
610 2 0 |a zdroje finančné 
100 1 |a Čapková, Soňa